Quantitative fish dynamics / (Registro nro. 2742)

Detalles MARC
000 -CABECERA
Campo de control 00922cam a2200241 a 4500
005 - FECHA Y HORA DE LA ULTIMA TRANSACCION
Campo de control 20160830100643.0
008 - ELEMENTOS DE LONGITUD FIJA—INFORMACION GENERAL
Campo de control 970909s1999 nyua b 001 0 eng
020 ## - ISBN
ISBN 0195076311
040 ## - FUENTE DE CATALOGACIÓN
Agencia catalogadora original DLC
Agencia transcriptora DLC
Agencia Modificadora DLC
-- CO-BoIAVH
041 0# - IDIOMA
Código de idioma para texto/pista de sonido o título separado Inglés
044 ## - PAÍS DE PUBLICACIÓN
País de publicación Estados Unidos
082 00 - NUMERO DE CLASIFICACION DECIMAL DEWEY
Número de clasificación 597.1788011
Número del ítem Q73q
100 1# - ASIENTO PRINCIPAL--NOMBRE PERSONAL
Nombre personal Quinn, Terrance J.
Término relacionado autor
9 (RLIN) 17240
245 10 - MENCION DE TITULO
Título Quantitative fish dynamics /
Mención de responsabilidad Terrance J. Quinn II y Richard B. Deriso.
260 ## - PUBLICACION, DISTRIBUCION, ETC. (PIE DE IMPRENTA)
Lugar de publicación, distribución, etc. Nueva York :
Nombre del editor, distribuidor, etc. Oxford University Press,
Fecha de publicación, distribución, etc. 1999.
300 ## - DESCRIPCION FISICA
Extensión xv, 542 páginas :
Otros detalles físicos ilustraciones ;
Dimensiones 25 x 16 cm.
504 ## - NOTA DE BIBLIOGRAFIA, ETC.
Nota de bibliografía Incluye referencias bibliográficas: páginas 486-516 e índice.
650 26 - ASIENTO SECUNDARIO DE MATERIA - TERMINO TEMATICO
Término temático o nombre geográfico como elemento de entrada Recursos pesqueros
Subdivisión general Modelos matemáticos
9 (RLIN) 75650
650 26 - ASIENTO SECUNDARIO DE MATERIA - TERMINO TEMATICO
Término temático o nombre geográfico como elemento de entrada Peces
Subdivisión general Dinámica de poblaciones
-- Modelos matemáticos
9 (RLIN) 75651
650 26 - ASIENTO SECUNDARIO DE MATERIA - TERMINO TEMATICO
Término temático o nombre geográfico como elemento de entrada Peces
Subdivisión general Distribución de la población
-- Modelos matemáticos
9 (RLIN) 75652
700 1# - ASIENTO SECUNDARIO - NOMBRE PERSONAL
Nombre personal Deriso, Richard B.
Término de relación autor
9 (RLIN) 17247
942 ## - ELEMENTOS ADICIONALES (KOHA)
Sistema de clasificación Dewey Decimal Classification
Tipo de ítem Libro
Existencias
Withdrawn status Lost status Sistema de Clasificación Damaged status No para préstamo Colección Inventariado Ubicación Permanente Ubicación actual Fecha de adquisición Fuente de Valor Valor Total Checkouts Número topográfico Inventario / Código de Barras Date last seen Ejemplar Price effective from Forma de adquisición Tipo de material
    Dewey Decimal Classification     General Inventariado 2017 Sala Fabio Quevedo Sala Fabio Quevedo 17/06/2002 Rudas, Guillermo 39000.00   LB-597.1788011 Q73q 004935 04/12/2012 Ej. 1 04/12/2012 Compra Libro